000 01156nam a2200205 a 4500
001 56654
005 20180714052521.0
008 140415s2010 mx 000 0 spa d
020 _a9786079062019
041 _aspa
082 _a972.03
_bAVI
245 0 0 _aDIARIO DE LA REVOLUCION 1906-1920
250 _a1a ed.
260 _aMEXICO :
_bCLUB PROMOCIONAL DEL LIBRO, S.A. DE C.V.,
_c2010
300 _a967
_c27 x 1.9 x 38.4
500 _aAVILA, JESUS ES COORDINADOR DE LA OBRA
520 _aSE HA CREADO UNA OBRA CON EL PROPOSITO DE ABRIR UNA VENTANA A LA HISTORIA DE NUESTRO PAIS A TODO EL PUEBLO MEXICANO. EN SUS PAGINAS PODRAN OBSERVAR LOS PORMENORES DE UNA DE LAS EPOCAS QUE MAS CAMBIOS PRODUJO EN LA NACION. ESTE LIBRO ESTA ORGANIZADO COMO PERIODICOS QUE RELATAN LOS PRINCIPALES ACONTECIMIENTOS HISTORICOS RELATIOS A LA REVOLUCION DE UNA MANERA AGIL, CON LENGUAJE ENCILLO Y ESTILO PERIODISTICO. SE PRESENTAN NOTICIAS AMBIENTALES EN LA EPOCA COMPRENDIDA ENTRE LOS AÑOS 1906-19
650 1 4 _aMEXICO
_xHISTORIA
_xREVOLUCION MEXICANA, 1906
_x1920
_xCRONOLOGIA
_xMEXICO
_xPOLITICA Y GOBIERNO, 1906
_x1920
700 1 _aAVILA, JESUS
_ecoaut.
999 _c56654
_d56654